| 000 | 00671nam a2200205 i 4500 | ||
|---|---|---|---|
| 001 | 94765 | ||
| 003 | ES-MaACL | ||
| 005 | 20230906181542.0 | ||
| 007 | t| | ||
| 008 | 050516s1910 fr ||||1| fre d | ||
| 100 | 1 |
_aLowell, A. Lawrence. _974378 |
|
| 245 | 1 | 3 |
_aLe governement de l'Angleterre / _cpar A. Lawrence Lowell; traduction française par A. Nerinex. |
| 260 |
_aSaint Amand (Paris) : _bBussière, _c1910. |
||
| 300 |
_a2 v. ; _c22 cm. |
||
| 490 | 1 | _aBibliothèque internationale de droit public | |
| 700 | 1 |
_aNerinex, A. _985393 |
|
| 830 | 0 |
_aBibliothèque internationale de droit public _9180878 |
|
| 852 |
_aES-MaACL _jF-3121-22 |
||
| 999 |
_c94765 _d94765 |
||